| 000 | 00340nam a2200109Ia 4500 | ||
|---|---|---|---|
| 008 | 230907s9999||||xx |||||||||||||| ||und|| | ||
| 082 | _a621.3126,GUR | ||
| 100 |
_aGurevich, Vladimir, _961262 |
||
| 245 | 0 | _aProtection of substation critical equipment against intentional electromagnetic threats / | |
| 300 | _axii, 228 pages ; | ||
| 942 | _cBK | ||
| 999 |
_c598033 _d598033 |
||